书目信息 |
| 题名: |
国家教师资格考试专用教材
|
|
| 作者: | ;粉笔教师 编著 | |
| 分册: | 下 | |
| 出版信息: | 北京 电子工业出版社 2019.12 |
|
| 页数: | 139页 | |
| 开本: | 26cm | |
| 丛书名: | ||
| 单 册: | ||
| 中图分类: | G451.1 , G451.6 | |
| 科图分类: | ||
| 主题词: | 教师--资格考试--教材 , 教师素质--资格考试--教材 , 教师素质--小学教师--资格考试--教材 | |
| 电子资源: | ||
| ISBN: | 978-7-121-35373-4 | |
| 000 | 00994nam0 2200265 45 | |
| 001 | 012001000944 | |
| 005 | 20210922155228.47 | |
| 010 | @a978-7-121-35373-4@dCNY34.00 | |
| 100 | @a20210219d2019 em y0chiy0110 ea | |
| 101 | 0 | @achi |
| 102 | @aCN@b110000 | |
| 105 | @aa z 000yy | |
| 106 | @ar | |
| 200 | 1 | @a国家教师资格考试专用教材@Aguo jia jiao shi zi ge kao shi zhuan yong jiao cai@e综合素质·小学@h下@f粉笔教师编著 |
| 210 | @a北京@c电子工业出版社@d2019.12 | |
| 215 | @a139页@c图@d26cm | |
| 330 | @a本书分为职业理念、职业道德、教育法律法规、基本能力四部分,主要内容包括:教育观、学生观、教师职业道德规范、中小学班主任工作规定、教师的权利和义务、学生权利保护、逻辑思维能力、信息处理能力等。 | |
| 606 | 0 | @a教师@x资格考试@j教材 |
| 606 | 0 | @a教师素质@x资格考试@j教材 |
| 606 | 0 | @a教师素质@x小学教师@x资格考试@j教材 |
| 690 | @aG451.1@v5 | |
| 690 | @aG451.6@v5 | |
| 711 | 02 | @a粉笔教师@Afen bi jiao shi@4编著 |
| 801 | @aCN@bAHXH@c20210922 | |
| 905 | @b1247548-52@dG451.1@e465:2@f5 | |
| 国家教师资格考试专用教材:综合素质·小学.下/粉笔教师编著.-北京:电子工业出版社,2019.12 |
| 139页:图;26cm |
| ISBN 978-7-121-35373-4:CNY34.00 |
| 本书分为职业理念、职业道德、教育法律法规、基本能力四部分,主要内容包括:教育观、学生观、教师职业道德规范、中小学班主任工作规定、教师的权利和义务、学生权利保护、逻辑思维能力、信息处理能力等。 |
| ● |
| 相关链接 |
|
|
|
|
正题名:国家教师资格考试专用教材
索取号:G451.1/465:2
 
预约/预借
| 序号 | 登录号 | 条形码 | 馆藏地/架位号 | 状态 | 备注 |
| 1 | 1247548 | 212475481 | 第一样本阅览室/ [索取号:G451.1/465:2] | 在馆 | |
| 2 | 1247549 | 212475490 | 教育系资料室/ [索取号:G451.1/465:2] | 在馆 | |
| 3 | 1247550 | 212475506 | 教育系资料室/ [索取号:G451.1/465:2] | 在馆 | |
| 4 | 1247551 | 212475515 | 第四借阅区/ [索取号:G451.1/465:2] | 在馆 | |
| 5 | 1247552 | 212475524 | 第四借阅区/ [索取号:G451.1/465:2] | 在馆 |